000 00898nam a2200313Ia 4500
003 OSt
005 20220912150604.0
006 a|||||r|||| 00| 0
007 ta
008 220909b |||||||| |||| 00| 0 eng d
020 _a0471941867 (pbk)
024 _a13194
037 _bIN-00081, 20/10/2004, N R Book Distributors
037 _cTextbook
040 _aCSL
_beng
_cCSL
041 _aeng
082 _aCN1, M4;1 TC
100 _aMandl F
245 0 _aQuantum field theory
250 _aRev. Ed.
260 _aChichester
_bJohn Wiley & Sons
_c1984
300 _axiv, 358p.
_ccm.
500 _aAppendix A-B, 331-353p.
_ccm.; Index 355-358p.
_ccm.
650 _a Quantum field theory
650 _aPhysics
700 _a Shaw G
942 _hCN1, M4;1 TC
_cTB
_2CC
999 _c50625
_d50625